000 00394nam a2200181Ia 4500
005 20250423095534.0
008 250422s9999 xx 000 0 und d
020 _a0582382416
050 _aPE 1112 .G674/
100 _aRebecca Stott
245 0 _aGrammar and writing
260 _aHarlow
260 _bPearson
260 _c2001
300 _a182 p
650 _aEnglish
942 _cBK
999 _c30579
_d30579